000 00254nam a2200097Ia 4500
001 803230
005 20250826171111.0
008 250824s9999 xx 000 0 und d
245 0 _aNUREDDİN ZENGİ ŞARK IN KANDİLİ
_cALİ EMRE
260 _bKETEBE YAYINLARI
999 _c803230
_d803230